Pliego de condiciones generales que regirán en los contratos de construcción de la Compañía, además de las facultativas y especiales de cada contrato / Compañía de los ferrocarriles Tarragona a Barcelona y Francia
Descripción Física:
39 p. ; 23 cm
Materias:
Construcció -- Contractes
MARC
| LEADER | 00000nam a2200000Ia 4500 | ||
|---|---|---|---|
| 001 | 18492 | ||
| 008 | 160829s1887 xx 000 0 cat d | ||
| 080 | |a RF-3-15 | ||
| 245 | |a Pliego de condiciones generales que regirán en los contratos de construcción de la Compañía, además de las facultativas y especiales de cada contrato / Compañía de los ferrocarriles Tarragona a Barcelona y Francia | ||
| 260 | |a Barcelona : |b Imprenta Barcelonesa, |c 1887 | ||
| 300 | |a 39 p. ; |c 23 cm | ||
| 590 | |a A la portada: Servicio de la construcción | ||
| 650 | |a Construcció |x Contractes |9 40029 | ||
| 856 | 4 | |u https://media.diba.cat/diba/fitxers/arxiu/fulletons/bib_18492_1887_baixa.pdf |y Accés lliure | |
| 856 | 4 | |u https://media.diba.cat/diba/fitxers/arxiu/fulletons/bib_18492_1887_baixa.pdf |y Accés lliure | |
| 901 | |a Arxiu | ||
| 942 | |n 1 |2 udc | ||
| 952 | |0 0 |1 0 |4 0 |6 RF315 |7 1 |9 49377 |a Arxiu |b Arxiu |d 2016-12-01 |l 0 |o RF-3-15 |p 18492 |r 2016-12-01 00:00:00 |w 2016-12-01 |y ARXIU | ||
| 999 | |c 53219 |d 53219 | ||
| 900 | |a bib_18492_1887_baixa.pdf | ||